LEADER 01747nas 2200601- 450 001 9910446749703321 005 20230217213020.0 011 $a2321-0710 035 $a(DE-599)ZDB2657684-3 035 $a(OCoLC)560007882 035 $a(CKB)110978977561883 035 $a(CONSER)--2020207541 035 $a(EXLCZ)99110978977561883 100 $a20100318a19759999 --- - 101 0 $aeng 135 $aurbn||||||abp 135 $aurbn||||||ada 181 $ctxt$2rdacontent 182 $cc$2rdamedia 183 $acr$2rdacarrier 200 00$aManagement and labour studies 210 1$aJamshedpur [India] :$cXavier Labour Relations Institute 210 31$a[London] :$cSAGE Publications 215 $a1 online resource 300 $aRefereed/Peer-reviewed 311 $a0258-042X 517 1 $aManagement & labour studies 517 1 $aMLS 531 $aMANAGEMENT & LABOUR STUDIES 531 0 $aManag. labour stud. 606 $aManagement$vPeriodicals 606 $aLabor$vPeriodicals 606 $aIndustrial relations$vPeriodicals 606 $aIndustrial relations$2fast$3(OCoLC)fst00971609 606 $aLabor$2fast$3(OCoLC)fst00989798 606 $aManagement$2fast$3(OCoLC)fst01007141 606 $aManagement$2stw 606 $aIndien$2stw 608 $aPeriodicals.$2fast 615 0$aManagement 615 0$aLabor 615 0$aIndustrial relations 615 7$aIndustrial relations. 615 7$aLabor. 615 7$aManagement. 615 7$aManagement. 615 7$aIndien. 676 $a658/.005 712 02$aXavier Labour Relations Institute, 906 $aJOURNAL 912 $a9910446749703321 996 $aManagement and labour studies$92196443 997 $aUNINA LEADER 02058nam0 2200481 i 450 001 RAV0782163 005 20251003044330.0 010 $a8842062472 100 $a20120308d2001 ||||0itac50 ba 101 | $aita 102 $ait 181 1$6z01$ai $bxxxe 182 1$6z01$an 200 1 $aˆL'‰economia sommersa$fGiuseppe Roma 210 $aRoma \etc.!$cGLF editori Laterza$d2001 215 $aVI, 155 p.$d18 cm. 225 | $aBiblioteca essenziale Laterza$v43 225 | $aEconomia 410 0$1001CFI0438665$12001 $aBiblioteca essenziale Laterza$v43 410 0$1001IEI0121809$12001 $aEconomia 606 $aLavoro$2FIR$3CFIC008759$9E 606 $aItalia$xEconomia$2FIR$3SBLC128980$9E 676 $a330$9Economia$v14 676 $a338.6$9ORGANIZZAZIONE DELLA PRODUZIONE$v19 676 $a338.6$9ORGANIZZAZIONE DELLA PRODUZIONE$v20 676 $a338.6$9ORGANIZZAZIONE DELLA PRODUZIONE$v21 676 $a338.60945$9ORGANIZZAZIONE DELLA PRODUZIONE. Italia$v21 676 $a338.642$9PICCOLA IMPRESA$v21 696 $aEconomia reale$aAttività economiche$aAspetti economici 699 $aEconomia$yEconomia reale 699 $aEconomia$zAttività economiche 699 $aEconomia$zAspetti economici 700 1$aRoma$b, Giuseppe$f <1949- >$3CFIV197567$4070$0327215 801 3$aIT$bIT-000000$c20120308 850 $aIT-BN0095 $aIT-AV0045 $aIT-SA0370 901 $bNAP MV$cC $nCINEMA MUSICA TEATRO SALA C 901 $bNAP 01$cPOZZO LIB.$nVi sono collocati fondi di economia, periodici di ingegneria e scienze, periodici di economia e statistica e altri fondi comprendenti documenti di economia pervenuti in dono. 901 $bNAP OP$cSALA 1 $n$ 912 $aRAV0782163 950 0$aBiblioteca Centralizzata di Ateneo$c1 v.$d 01POZZO LIB.ECON MON 1875$e 0101 0000000795E VMA 1 v. (Precedente collocazione: DASES A 4)$fB $h20070704$i20070704 977 $a 01$a MV$a OP 996 $aEconomia sommersa$966348 997 $aUNISANNIO